Statystyki dla Państwa świata po kształcie flagi #6

Kliknij tutaj aby rozwiązać quiz!

Ogólne statystyki

  • Ten quiz został rozwiązany 9 759 razy
  • Średni wynik to 12 z 16

Statystyki odpowiedzi

Odpowiedź% Poprawnych
Szwajcaria
99%
Islandia
97%
Polska
97%
Bośnia i Hercegowina
91%
Japonia
90%
Tunezja
89%
Wietnam
85%
Kuba
84%
Korea Południowa
80%
Wybrzeże Kości Słoniowej
79%
Azerbejdżan
78%
Dominika
58%
Mozambik
58%
Saint Lucia
50%
Gambia
48%
Vanuatu
32%

Rozkład punktacji

Percentyl według liczby udzielonych odpowiedzi

Procent ludzi z każdym wynikiem

Twoja historia wyników

Nie rozwiązałeś tego quizu